000 01013nam a2200301 a 4500
001 vtls001617295
003 NLI
005 20210628133921.0
008 121214s1910 ii 000 p hin
039 9 _y201212141923
_zVLOAD
040 _aNLI
_bhineng
_cDatasoft_Hindi
_eAACR2
041 0 _ahin
044 _a ii
084 0 4 _a181
100 1 _6880-01
_aबरदाई, चंद
245 1 0 _6880-02
_aपृथ्वीराजरासो /
_cचंद बरदाई
260 _aबनारस :
_bनगरी प्रचारणी सभा,
_c1910
300 _a383 p. ;
_c22 cm.
650 0 _aHindi Poetry
_9688257
880 1 _6100-01(B
_aBaradāī, Canda
880 1 0 _6245-02(B
_aPṛthvīrājarāso /
_cCanda Baradāī
887 _a Afroz 25.04.12(Abrar Ahmad 23.04.12)
901 _aIMP1121
_b13.04.2012
902 _a181 Pb 90.6
904 _cAfroz 25.04.12(Abrar Ahmad 23.04.12)
_lO 3991
949 _AVIRTUAITEM
_D10000
_X100
_6IMP000001121HIN
942 _2ddc
_cBKS
999 _aVIRTUA40
_c1069181
_d1069181